Arquitectura latinoamericana en el siglo XX /

Amplio panorama de la evolución y características de la arquitectura latinoamericana del siglo XX. La obra analiza las grandes corrientes y sus principales representantes, así como la relación arquitectura-sociedad. Incluye un diccionario alfabético sobre el tema.

Збережено в:
Бібліографічні деталі
Автор: Gutiérrez, Ramón (coordinación)
Формат: Книга
Мова:Іспанська
Опубліковано: Barcelona, España : Lunwerg, 1998, c1998
Предмети:
Теги: Додати тег
Немає тегів, Будьте першим, хто поставить тег для цього запису!

MARC

LEADER 00000nam^a2200000^a^4500
001 000126755
005 20250521000000.0
009 20260310094737.181
020 |a 84-7782-510-6 
037 |a Acervo ITESO - Biblioteca 
041 |a ESP 
082 |a 720. 980033  |b GUT 
100 |a Gutiérrez, Ramón  |e (coordinación) 
245 1 0 |a Arquitectura latinoamericana en el siglo XX /  |c Coord. de R. Gutiérrez. 
264 4 |a Barcelona, España :  |b Lunwerg,  |c 1998, c1998 
300 |a 440 p. 
336 |a texto  |b txt  |2 rdacontenido 
337 |a sin mediación  |b n  |2 rdamedio 
338 |a volumen  |b nc  |2 rdasoporte 
520 |a Amplio panorama de la evolución y características de la arquitectura latinoamericana del siglo XX. La obra analiza las grandes corrientes y sus principales representantes, así como la relación arquitectura-sociedad. Incluye un diccionario alfabético sobre el tema. 
649 |a XX 
650 |a Arquitectura Latinoamericana -  |y Siglo XX 
650 |a Arquitectura y Sociedad -  |z Latinoamérica 
650 |a Arquitectura Latinoamericana -  |x Enciclopedias y Diccionarios 
650 |a Arte Latinoamericano 
910 |a Fondo General 
920 |a Impresos - Libros 
930 |a Reserva Especial 
905 |a 103 
901 |a 0500058780  |b IT1  |c REE  |u 20250521 
902 |a https://opac.biblio.iteso.mx/vufind/Record/000126755